Live help desk an online customer support system (Hard / Soft-copy) (Record no. 186270)
[ view plain ]
| 000 -LEADER | |
|---|---|
| fixed length control field | 00508 a2200169 4500 |
| 003 - CONTROL NUMBER IDENTIFIER | |
| control field | Nust |
| 005 - DATE AND TIME OF LATEST TRANSACTION | |
| control field | 20170207153435.0 |
| 040 ## - CATALOGING SOURCE | |
| Transcribing agency | Nust |
| 082 ## - DEWEY DECIMAL CLASSIFICATION NUMBER | |
| Classification number | 005.1 |
| 100 ## - MAIN ENTRY--PERSONAL NAME | |
| Personal name | Mudassar , SGT Malik Kashif BESE-10 |
| 245 ## - TITLE STATEMENT | |
| Title | Live help desk an online customer support system (Hard / Soft-copy) |
| Statement of responsibility, etc. | SGT Malik Kashif Mudassar, PC Omer Moeen & TC Fahad Niazi BESE-10 |
| 260 ## - PUBLICATION, DISTRIBUTION, ETC. | |
| Place of publication, distribution, etc. | Rawalpindi |
| Name of publisher, distributor, etc. | MCS , NUST |
| Date of publication, distribution, etc. | 2008 |
| 300 ## - PHYSICAL DESCRIPTION | |
| Extent | 92p |
| 538 ## - SYSTEM DETAILS NOTE | |
| System details note | Almirah No 71 Shelf No 5 |
| 650 ## - SUBJECT ADDED ENTRY--TOPICAL TERM | |
| Topical term or geographic name entry element | UG Projects |
| 651 ## - SUBJECT ADDED ENTRY--GEOGRAPHIC NAME | |
| Geographic name | UG CS Projects |
| 942 ## - ADDED ENTRY ELEMENTS (KOHA) | |
| Koha item type | |
| Withdrawn status | Lost status | Source of classification or shelving scheme | Damaged status | Not for loan | Permanent Location | Current Location | Shelving location | Date acquired | Full call number | Barcode | Date last seen | Price effective from | Koha item type | Public note |
|---|---|---|---|---|---|---|---|---|---|---|---|---|---|---|
| Military College of Signals (MCS) | Military College of Signals (MCS) | Reference | 12/12/2016 | 005.1,MUD | MCSPCS-158 | 12/08/2016 | 12/12/2016 | Project Report | Almirah No.89, Shelf No. 3 |
